| 000 | 01163cam a22002894a 4500 | ||
|---|---|---|---|
| 001 | 13332504 | ||
| 005 | 20250305200549.0 | ||
| 008 | 030904s2004 caua b 001 0 eng | ||
| 020 | _a9781576753514 | ||
| 050 | 0 | 0 |
_aHD30.4 _b.M56 2003 |
| 082 | 0 | 0 |
_a658/.0071/1 _222 |
| 100 | 1 | _aMintzberg, Henry. | |
| 245 | 1 | 0 |
_aManagers, not MBAs : _ba hard look at the soft practice of managing and management development / _cHenry Mintzberg. |
| 250 | _a1st ed. | ||
| 260 |
_aSan Francisco : _bBerrett-Koehler Publishers, _cc2004. |
||
| 300 |
_axii, 464 p. : _bill. ; _c25 cm. |
||
| 650 | 0 |
_aExecutives _xTraining of |
|
| 650 | 0 | _aExperiential learning. | |
| 650 | 0 | _aActive learning. | |
| 650 | 0 |
_aManagement _xStudy and teaching (Graduate) |
|
| 650 | 0 | _aMaster of business administration degree. | |
| 650 | 0 | _aBusiness education. | |
| 856 | 4 | 1 |
_3Table of contents _uhttp://www.loc.gov/catdir/toc/fy046/2003058361.html |
| 856 | 4 | 2 |
_3Publisher description _uhttp://www.loc.gov/catdir/enhancements/fy0715/2003058361-d.html |
| 856 | 4 | 2 |
_3Contributor biographical information _uhttp://www.loc.gov/catdir/enhancements/fy0913/2003058361-b.html |
| 942 |
_2lcc _cBK _e1st Ed. _n0 |
||
| 999 |
_c4528 _d4528 |
||